header

Reclaiming the nation (Record no. 118265)

MARC details
000 -LEADER
fixed length control field 02132nam a2200445 a 4500
245 00 - TITLE STATEMENT
Title Reclaiming the nation
260 ## - PUBLICATION, DISTRIBUTION, ETC. (IMPRINT)
Place of publication London ;
-- New York :
Name of publisher Pluto Press ;
Place of publication New York :
Name of publisher Distributed in the United States of America exclusively by Palgrave Macmillan,
Year of publication 2011.
300 ## - PHYSICAL DESCRIPTION
Number of Pages x, 350 p.
505 0# - FORMATTED CONTENTS NOTE
Formatted contents note pt. 1. Africa -- pt. 2. Asia -- pt. 3. Latin America.
520 ## - SUMMARY, ETC.
Summary, etc "This book compares the trajectories of states and societies in Africa, Asia and Latin America under neoliberalism, a time marked by serial economic crises, escalating social conflicts, the re-militarisation of North-South relations and the radicalisation of social and national forces"--P. [4] of cover.
650 #0 - SUBJECT ADDED ENTRY--TOPICAL TERM
Topical Term Neoliberalism
Topical Term Regional economic disparities.
Topical Term Social conflict
Topical Term Nationalism
Topical Term Nationalism
Topical Term Nationalism
Topical Term Nationalism
700 1# - ADDED ENTRY--PERSONAL NAME
Personal name Moyo, Sam.
Personal name Yeros, Paris,
856 40 - ELECTRONIC LOCATION AND ACCESS
Uniform Resource Identifier http://site.ebrary.com/lib/rucke/Doc?id=10480199

No items available.

© 2026 Rongo University
Contact us: librarian | system librarian | Rongo university